[Event "I Open Internacional Illes Medes"]
[Site "?"]
[Date "2007.01.04"]
[Round "9.4"]
[White "Shengelia, Davit"]
[Black "Campos Moreno, Javier B"]
[Result "0-1"]
[WhiteElo "2504"]
[BlackElo "2446"]
[Annotator "Klaus Rhein"]
[PlyCount "154"]
[EventDate "2007.01.05"]
[SourceDate "2006.12.28"]

1. d4 Nf6 2. c4 e6 3. Nc3 Bb4 4. e3 O-O 5. a3 Bxc3+ 6. bxc3 Nc6 7. Bd3 e5 8.
Ne2 e4 9. Bb1 Na5 10. Ng3 Nxc4 11. Nxe4 Nxe4 12. Bxe4 d5 13. Bd3 Nd6 14. Qc2 g6
15. O-O Bf5 16. Bxf5 Nxf5 17. f3 c5 18. e4 Ng7 19. dxc5 Qe7 20. Be3 dxe4 21.
fxe4 Rfe8 22. Qb3 Ne6 23. Rf2 Qc7 24. Raf1 Re7 25. Kh1 Rf8 26. Qc4 Rc8 27. Qa2
Qc6 28. Rf6 Qxe4 29. Qf2 Rf8 30. Bh6 Ng7 31. c4 (31. Qd4 Qxd4 32. cxd4 Rd8 $11)
31... Qxc4 32. Qb2 Qe2 33. Qb3 Nf5 34. R6xf5 gxf5 35. Qg3+ Qg4 36. Rxf5 Qxg3 (
36... Re1+ 37. Qxe1 Qxf5 38. Bxf8 Kxf8 39. Qc1 $11) 37. hxg3 Re6 38. Bxf8 Kxf8
$15 39. Rf4 Rc6 40. Rb4 Rc7 41. Kg1 Ke7 42. Kf2 Ke6 43. Ke3 Kd5 44. Kd3 Kxc5
45. Kc3 b5 46. Rh4 f6 47. Rh6 (47. Rf4 Rc6 48. Rh4 Re6 49. Rxh7 Re3+ 50. Kb2
Rxg3 51. Rxa7 Rxg2+ 52. Kc3 Rg3+ $19) 47... Rg7 48. Rxf6 Rxg3+ 49. Kb2 Rxg2+
50. Kb3 Rg3+ 51. Kb2 Rg7 52. Rh6 a5 53. Rh5+ Kc4 54. Rh4+ Kd3 55. Kb3 Ke2 56.
Rh5 Rb7 57. a4 bxa4+ 58. Kxa4 Ra7 59. Rh6 Kf3 60. Rh4 Kg2 61. Rh6 Kg3 62. Rh1
Rf7 63. Rg1+ Kh2 64. Rg5 Kh3 65. Kxa5 Kh4 66. Rg1 h5 67. Rh1+ Kg5 68. Rg1+ Kh6
69. Kb4 Rc7 70. Rh1 Kg5 71. Rg1+ Kf4 72. Rh1 Kg4 73. Rg1+ Kf3 74. Rh1 Rh7 75.
Kc3 h4 76. Kd2 h3 77. Rf1+ Kg2 0-1

[Event "I Open Internacional Illes Medes"]
[Site "?"]
[Date "2007.01.04"]
[Round "9.5"]
[White "Mirzoev, Azer"]
[Black "Fernandez, Antonio"]
[Result "1-0"]
[WhiteElo "2543"]
[BlackElo "2453"]
[Annotator "Klaus Rhein"]
[PlyCount "161"]
[EventDate "2007.01.05"]
[SourceDate "2006.12.28"]

1. d4 Nf6 2. c4 g6 3. Nc3 d5 4. Bg5 Ne4 5. Bh4 Nxc3 6. bxc3 c5 7. e3 Bg7 8. Nf3
Nc6 9. cxd5 Qxd5 10. Be2 cxd4 11. cxd4 O-O 12. O-O b6 13. Rc1 Bb7 14. Bc4 Qd7
15. Qa4 a6 16. Bb3 e6 17. Rfd1 b5 18. Qa3 Rfc8 19. h3 Bf8 20. Qb2 Bg7 21. Qe2
Qe8 22. Bg3 Na5 23. Bc2 Bd5 24. Bb1 Rxc1 25. Rxc1 Rc8 26. Rd1 Nc6 27. h4 h5 28.
Ng5 e5 29. dxe5 Bc4 30. Qe1 Nxe5 31. Qa5 Ra8 (31... Be2 32. Re1 Nd3 33. Rxe2
Rc1+ 34. Kh2 Rxb1 35. Qxa6 $16) 32. Be4 Rc8 33. Qxa6 b4 34. Qa5 b3 35. axb3
Bxb3 36. Rb1 Bc2 37. Bxc2 Rxc2 38. Qd5 Ng4 39. Qd3 Rb2 40. Rxb2 Bxb2 41. Qd5
Kg7 42. Bf4 Be5 43. Bxe5+ Nxe5 44. g3 Qe7 45. Kg2 Ng4 46. e4 Qf6 47. Qc5 Qe5
48. Qc4 Qf6 49. Qe2 Qc3 50. Nf3 Ne5 51. Ng5 Ng4 52. Qa2 Qf6 53. Nh3 Qd4 54. Qe2
Nf6 55. f3 Nd7 56. Ng5 Ne5 57. Qf2 Qc3 58. Qe2 Nc4 59. Nh3 Ne3+ 60. Kf2 Nc2 61.
Nf4 Qd4+ 62. Kg2 Ne3+ 63. Kh2 Kg8 64. Qd3 Qb6 65. Kh3 Kg7 66. Qc3+ Kh7 67. Qd3
Kg7 68. Ne2 Kh7 $2 (68... Qe6+ 69. Kh2 Qb6 70. Nd4 Qb2+) (68... Qc5 69. Qd4+ (
69. Nd4 Qc1 $11) 69... Qxd4 70. Nxd4 $14) 69. Nd4 Nc2 (69... Nf1 70. Kg2 Nxg3
71. Kxg3 Qd6+ 72. f4 $18) 70. Nxc2 Qg1 71. Qe2 Qh1+ 72. Qh2 Qd1 73. Qg2 f6 74.
Ne3 Qd4 75. Nf1 g5 76. Kh2 Qe5 77. hxg5 fxg5 78. Ne3 h4 79. Nf5 Kg6 80. Qc2
hxg3+ 81. Kg2 1-0

[Event "I Open Internacional Illes Medes"]
[Site "?"]
[Date "2007.01.04"]
[Round "9.6"]
[White "Doric, Darko"]
[Black "Hamdouchi, Hichem"]
[Result "1-0"]
[WhiteElo "2448"]
[BlackElo "2582"]
[Annotator "Klaus Rhein"]
[PlyCount "109"]
[EventDate "2007.01.05"]
[SourceDate "2006.12.28"]

1. d4 e6 2. e4 d5 3. exd5 exd5 4. Nf3 Nf6 5. c4 Bb4+ 6. Nc3 O-O 7. Be2 Ne4 8.
Qb3 Bxc3+ 9. bxc3 dxc4 10. Bxc4 Nd6 (10... Nc6 11. Qc2 Bg4 {
0-1 Pinilla,R-De la Villa Garcia,J/San Sebastian 1992/EXT 2002 (51)}) 11. Bd3
Re8+ 12. Be3 Be6 13. Qc2 h6 14. c4 Nc6 15. Qc3 Bg4 16. Nd2 Bf5 17. O-O Qf6 18.
Rfe1 Bxd3 19. Qxd3 Nf5 20. Nf3 Rad8 21. Red1 Qg6 22. Qc3 Nxe3 23. fxe3 Qe4 24.
d5 Ne5 25. Nxe5 Rxe5 26. Rd3 Rg5 27. g3 Re8 28. Rf1 Rf5 29. Rxf5 Qxf5 30. c5
Qe4 31. d6 Qc6 32. Qd4 Rd8 33. d7 Kf8 34. h4 b6 35. cxb6 cxb6 36. Kh2 Qc5 37.
Qa4 b5 38. Qa5 Ke7 39. Qd2 b4 40. Rd4 f5 41. Qd3 Qe5 42. Rd5 Qe4 43. Qb5 Ke6
44. Qc6+ Kf7 45. h5 Qe6 (45... Qg4 46. Re5 Qxh5+ 47. Kg2 Qe2+ $11) 46. Qc5 Rxd7
47. Rxf5+ Kg8 48. Rf8+ Kh7 49. Qc2+ g6 50. hxg6+ Kg7 51. Rf2 a5 52. Qc5 Rd5 53.
Qc2 Rh5+ 54. Kg1 Qd5 $4 (54... Rg5 $11) 55. Rf7+ 1-0

[Event "I Open Internacional Illes Medes"]
[Site "?"]
[Date "2007.01.04"]
[Round "9.7"]
[White "Formichenko, Eduard"]
[Black "Suba, Mihai"]
[Result "0-1"]
[WhiteElo "2426"]
[BlackElo "2535"]
[Annotator "Klaus Rhein"]
[PlyCount "94"]
[EventDate "2007.01.05"]
[SourceDate "2006.12.28"]

1. Nf3 c5 2. c4 Nf6 3. g3 b6 4. Bg2 Bb7 5. O-O e6 6. Nc3 d6 7. d4 cxd4 8. Qxd4
a6 9. Bg5 Nbd7 10. Rfd1 Be7 11. Ne1 Bxg2 12. Nxg2 Rc8 13. Ne4 Rc6 14. b4 b5 (
14... d5 15. cxd5 exd5 16. Nxf6+ Nxf6 17. Rac1 Rxc1 18. Rxc1 O-O 19. Ne3 $16) (
14... Nxe4 15. Qxe4 Ne5 16. Bxe7 Qxe7 17. b5 f5 18. Qd4 Rc5 19. Ne3 $14) 15.
cxb5 axb5 16. Nxf6+ Nxf6 17. a4 bxa4 18. b5 Rb6 19. Qxa4 O-O 20. e4 Qd7 21. Ne3
Qxb5 22. Qxb5 (22. Nc4 Qxa4 23. Rxa4 Rc6 24. Bxf6 gxf6 $15 (24... Bxf6 25. Rxd6
Rxd6 26. Nxd6 Rd8 $11)) 22... Rxb5 23. Bxf6 Bxf6 24. Ra6 Rb4 25. Raxd6 Rxe4 26.
Rd7 Bg5 27. Nf1 Ra4 28. h4 Bf6 29. Nh2 h5 30. Nf3 Rb8 31. R1d2 Rab4 32. Rc2
R8b7 33. Rcc7 Rxc7 34. Rxc7 Rb5 35. Kg2 Rd5 36. Ne1 Bd8 37. Rb7 f5 38. Nc2 Kh7
39. Ne3 Rd4 40. Kf3 Kg6 41. Ng2 e5 42. Ne3 f4 43. Nc2 Ra4 44. Nb4 Ra3+ 45. Kg2
Rb3 46. Rd7 Bxh4 47. Nd3 Bf6 {ilegible 0 -1 (67)} 0-1

[Event "I Open Internacional Illes Medes"]
[Site "?"]
[Date "2007.01.04"]
[Round "9.8"]
[White "Chatalbashev, Boris"]
[Black "Krzesaj, Robert"]
[Result "1-0"]
[WhiteElo "2534"]
[BlackElo "2308"]
[Annotator "Klaus Rhein"]
[PlyCount "67"]
[EventDate "2007.01.05"]
[SourceDate "2006.12.28"]

1. d4 d5 2. c4 c6 3. e3 Nf6 4. Nf3 Bf5 5. Nc3 e6 6. Nh4 Bg6 7. Bd2 Nbd7 8. Nxg6
hxg6 9. Qc2 Bd6 10. O-O-O Qe7 11. Kb1 dxc4 (11... Ng4 12. Bc1 Rxh2 13. Rxh2
Nxh2 14. Be2 Qg5 15. Rg1 O-O-O 16. e4 $13) 12. Bxc4 Nb6 13. Bb3 e5 14. dxe5
Bxe5 15. f4 Bc7 16. Bc1 Nfd7 17. Ne4 O-O-O 18. Ng5 Rdf8 19. e4 f6 20. Ne6 Re8
21. Be3 g5 22. fxg5 Rxh2 23. g6 Rxh1 24. Rxh1 Nf8 $6 25. Bc5 Qxe6 26. Bxe6+
Nxe6 27. Bxb6 axb6 28. Qb3 b5 29. Rh8 $1 Rxh8 30. Qxe6+ Kb8 31. Qf7 Rh1+ 32.
Kc2 Rh2 33. Qxg7 Rxg2+ 34. Kd1 1-0

[Event "I Open Internacional Illes Medes"]
[Site "?"]
[Date "2007.01.04"]
[Round "9.9"]
[White "Edouard , Romain"]
[Black "Jankovic, Alojzije"]
[Result "1-0"]
[WhiteElo "2431"]
[BlackElo "2533"]
[Annotator "Klaus Rhein"]
[PlyCount "155"]
[EventDate "2007.01.05"]
[SourceDate "2006.12.28"]

1. e4 c5 2. Nf3 Nc6 3. d4 cxd4 4. Nxd4 Nf6 5. Nc3 d6 6. Bg5 e6 7. Qd2 a6 8.
O-O-O Bd7 9. f4 b5 10. Bxf6 gxf6 11. Kb1 Qb6 12. Nxc6 Bxc6 13. Qe1 Ra7 14. f5
Qc5 15. Qh4 Be7 16. Bd3 Rc7 17. Qg4 e5 (17... h5 18. Qg7 Rf8) 18. Qg7 Rf8 19.
Qxh7 b4 20. Nd5 Bxd5 21. exd5 Qxd5 22. Qh4 Qc5 23. Be4 Kd7 24. Qh5 a5 25. Rd5
Qb6 26. Qe2 Rh8 27. h4 Bf8 28. h5 Rc5 29. Rhd1 Rxd5 30. Bxd5 Ke7 31. Qc4 Qc5
32. Qb3 a4 33. Qxa4 Rxh5 34. Qb3 (34. Bc6 Rh8 35. Qa8 $18) 34... Rxf5 35. Bxf7
Rf2 36. Qe6+ Kd8 37. Bg6 Rxg2 38. Qe8+ Kc7 39. Qxf8 Rg1 40. Qe7+ Kb6 41. Qd8+
Ka7 42. Bh5 Qd4 43. Qa5+ (43. Qc7+ $1 Ka8 (43... Ka6 44. Be2+ Qc4 45. Bxc4#)
44. Bf3+ d5 45. Bxd5+ Qxd5 46. Rxg1) 43... Kb8 44. Qb5+ Kc7 45. Qd3 Qc5 46.
Rxg1 Qxg1+ 47. Qd1 Qf2 48. a3 bxa3 49. bxa3 Qc5 50. Bf7 Qxa3 51. Qf1 Qe3 52.
Qxf6 Qg1+ 53. Ka2 Qa7+ 54. Kb1 Qg1+ 55. Kb2 Qd4+ 56. c3 Qd2+ 57. Kb3 Qd1+ 58.
Kb4 Qb1+ 59. Bb3 Qb2 60. Qf7+ Kc6 61. Qf3+ Kb6 62. Qd3 Kc7 63. Qh7+ Kc6 64. Qc2
Qa1 65. Qa2 Qg1 66. Qa6+ Kc7 67. Qa5+ Kd7 68. Qb5+ Kc7 69. Qc4+ Kb6 70. Qd5 Kc7
71. Qa5+ Kd7 72. Ba4+ Ke6 73. Qc7 e4 74. Bb3+ Ke5 75. Qe7+ Kf4 76. Qf6+ Kg3 77.
Qg5+ Kf2 78. Qf4+ 1-0

[Event "I Open Internacional Illes Medes"]
[Site "?"]
[Date "2007.01.04"]
[Round "9.10"]
[White "Pereira, Ruben"]
[Black "Lopez Martinez, Josep Manuel"]
[Result "1/2-1/2"]
[WhiteElo "2320"]
[BlackElo "2508"]
[Annotator "Klaus Rhein"]
[PlyCount "51"]
[EventDate "2007.01.05"]
[SourceDate "2006.12.28"]

1. e4 e5 2. Nf3 Nc6 3. Bb5 a6 4. Ba4 Nf6 5. O-O Be7 6. Re1 b5 7. Bb3 d6 8. c3
O-O 9. h3 Na5 10. Bc2 c5 11. d4 Qc7 12. Nbd2 Re8 13. Nf1 exd4 14. cxd4 Bb7 15.
Ng3 cxd4 16. Nxd4 g6 17. Bg5 Qc5 18. Bf4 Nc4 19. b3 Na3 20. Rc1 Nxc2 21. Rxc2
Qb6 22. Be3 Qa5 23. Bd2 Qb6 24. Be3 Qa5 25. Bd2 Qb6 26. Be3 1/2-1/2